| 000 | 01584cam a2200385 a 4500 | ||
|---|---|---|---|
| 001 | 11994355 | ||
| 003 | OSt | ||
| 005 | 20140310184521.0 | ||
| 008 | 000502s2001 nyu j 000 0aeng | ||
| 010 | _a 00034061 | ||
| 020 | _a9780545033350 | ||
| 040 |
_aDLC _cDLC _dDLC |
||
| 042 | _alcac | ||
| 043 | _an-us--- | ||
| 050 | 0 | 0 |
_aPS 3566 _b.P332 2001 |
| 100 | 1 |
_aPaulsen, Gary. _95626 |
|
| 245 | 1 | 0 |
_aGuts : _bthe true stories behind Hatchet and the Brian books / _cGary Paulsen. |
| 260 |
_aNew York : _bDelacorte Press, _cc2001. |
||
| 300 |
_a148 p. ; _c22 cm. |
||
| 521 | _aG12 | ||
| 526 | _c1230 | ||
| 562 | _e1 | ||
| 600 | 1 | 0 |
_aPaulsen, Gary _vJuvenile literature. _929816 |
| 600 | 1 | 1 |
_aPaulsen, Gary. _95626 |
| 650 | 0 |
_aAuthors, American _y20th century _vBiography _vJuvenile literature. _929817 |
|
| 650 | 0 |
_aChildren's stories _xAuthorship _vJuvenile literature. _929818 |
|
| 650 | 1 |
_aAuthors, American. _914278 |
|
| 856 | 4 | 2 |
_3Contributor biographical information _uhttp://www.loc.gov/catdir/bios/random052/00034061.html |
| 856 | 4 | 1 |
_3Sample text _uhttp://www.loc.gov/catdir/samples/random043/00034061.html |
| 856 | 4 | 2 |
_3Publisher description _uhttp://www.loc.gov/catdir/description/random048/00034061.html |
| 906 |
_a7 _bcbc _corignew _d1 _eocip _f20 _gy-gencatlg |
||
| 942 |
_2lcc _cSCH _kSCHO |
||
| 999 |
_c35033 _d35033 |
||